A guide to qualitative field research. (2nd ed.) (Record no. 76055)

MARC details
000 -LEADER
fixed length control field 01001nam a2200229 a 4500
008 - FIXED-LENGTH DATA ELEMENTS--GENERAL INFORMATION
fixed length control field 161102s2007 ||||||||||||||||| || u
010 ## - LIBRARY OF CONGRESS CONTROL NUMBER
LC control number 2006007756
020 ## - INTERNATIONAL STANDARD BOOK NUMBER
International Standard Book Number 9781412936507
050 ## - LIBRARY OF CONGRESS CALL NUMBER
Classification number H 62 Bai
100 ## - MAIN ENTRY--PERSONAL NAME
Personal name Bailey, Carol A
245 12 - TITLE STATEMENT
Title A guide to qualitative field research. (2nd ed.)
Statement of responsibility, etc. Carol A. Bailey.
250 ## - EDITION STATEMENT
Edition statement 2nd ed.
260 ## - PUBLICATION, DISTRIBUTION, ETC.
Place of publication, distribution, etc. Thousand Oaks, Calif.
Name of publisher, distributor, etc. Pine Forge Press
Date of publication, distribution, etc. 2007
300 ## - PHYSICAL DESCRIPTION
Extent xv, 214 p. : ill.
350 ## -
-- 88.46
500 ## - GENERAL NOTE
General note Includes bibliographical references (p. 196-202) and index.
650 #0 - SUBJECT ADDED ENTRY--TOPICAL TERM
Topical term or geographic name entry element SOCIAL SCIENCES--RESEARCH--METHODOLOGY
650 #0 - SUBJECT ADDED ENTRY--TOPICAL TERM
Topical term or geographic name entry element SOCIAL SCIENCES--STUDY AND TEACHING
995 ## -
-- MEDICAL LIBRARY OPEN ACCESS
-- 747059
-- CBU-SCHOOL OF MEDICINE LIBRARY (Ndola)
-- 71.00
-- H 62 Bai
-- 1
-- AVAILABLE
-- Oct 27, 2016
-- 747059
-- Medical Library Open Access Collection
995 ## -
-- MAIN LIBRARY OPEN ACCESS
-- 88.46
-- 747302
-- CBU-MAIN LIBRARY (Kitwe)
-- H 62 Bai
-- 2
-- AVAILABLE
-- Nov 2, 2016
-- 747302
-- Main Library Open Access Collection
999 ## -
-- 76055
-- 76055

No items available.